000 00439ntaaa2200169 4500
003 01
005 20251027201550.0
008 0714s1973 ag 01
040 _aAR-BaBN
_bspa
_cAR-BaBN
_eaacr
_dRIC
082 _a230.0000 C35
100 _aChampion, John B.
_914330
245 _aMore Than Atonement; a study in genetic theology.
250 _a1 ed. :
_bEvangelical Press,
_cc1927
300 _a459 p.
650 _aTeologĂ­a
942 _cBK
999 _c10275
_d10275